[Event "Olympiad Women 2024"]
[Site "Budapest HUN"]
[Date "2024.09.22"]
[Round "11.50"]
[Board "2"]
[White "Smith, Lynda"]
[Black "Lou, Yuxin"]
[Result "0-1"]
[WhiteElo "1831"]
[BlackElo "1654"]
[PlyCount "104"]
[EventDate "2024.09.11"]
[WhiteTeam "Wales"]
[BlackTeam "Hong Kong, China"]
[WhiteTeamCountry "WLS"]

1. e4 c5 2. Nc3 Nc6 3. g3 e6 4. Bg2 g6 5. d3 Bg7 6. Be3 b6 7. Qd2 Bb7 8. Nge2 Nf6 ({RR} 8... Nge7 9. Bh6 Bxh6 10. Qxh6 d5 11. exd5 Nf5 12. Qd2 Nb4 13. O-O Nxd5 14. Nf4 O-O 15. Ncxd5 Bxd5 16. Nxd5 exd5 17. Rae1 Qd6 {½-½ Polzin,R (2395)-Teske,H (2495) Berliner Sommer 12th 1994}) 9. Bh6 ({RR} 9. h3 d5 10. exd5 Nxd5 11. Nxd5 exd5 12. d4 Nxd4 13. Nxd4 cxd4 14. Bxd4 Qe7+ 15. Kd1 Bxd4 16. Qxd4 O-O-O 17. Re1 Qc7 18. Kd2 Rhe8 19. Rad1 Qc4 20. Qc3 Qxc3+ 21. bxc3 Kc7 22. Kd3 Rxe1 23. Rxe1 Kd6 {1-0 Cherry,A (1918)-Ugarte Soto,C (2088) Titled Tue 19th Sep Early 2023 (6)}) 9... Bxh6 10. Qxh6 Qe7 11. h4 $146 ({RR} 11. Qd2 O-O-O 12. O-O-O d5 13. exd5 Nb4 14. Nf4 Nbxd5 15. Rhe1 {½-½ Zentai,G (2189)-Zalai,M (2171) HUN-chT2 Maroczy 0708 2007 (2)}) ({RR} 11. O-O d6 12. f4 Ng4 13. Qg7 O-O-O 14. Nd1 f5 15. Qxe7 Nxe7 16. h3 Nf6 17. Ndc3 d5 18. e5 Ne8 19. d4 c4 {½-½ Ecsedi,S (2082)-Zalai,M (2171) HUN-chT2 Maroczy 0708 2007 (10)}) ({RR} 11. Qd2 d5 12. exd5 exd5 13. O-O O-O-O 14. Rfe1 Qd6 15. Nf4 Nd4 16. a4 a6 17. Nce2 Nf5 18. b4 d4 19. bxc5 Qxc5 20. Rec1 Bxg2 21. Nxg2 Rhe8 22. c3 Kb7 23. cxd4 Nxd4 24. Nxd4 Qxd4 25. Rab1 Rc8 {0-1 Osorio Itanare,F (2262)-Gascon del Nogal,J (2398) VEN-ch Lecheria 2015 (2)}) 11... O-O-O 12. Qd2 d5 13. exd5 Nxd5 14. O-O-O Nxc3 15. Qxc3 Nb4 16. Bxb7+ Qxb7 17. Kb1 Nd5 18. Qe5 Qc7 19. Qxc7+ Kxc7 20. d4 cxd4 21. Nxd4 Kb7 22. Nf3 f6 23. Rd2 Ne7 24. Rhd1 Nc6 25. Nd4 Nxd4 26. Rxd4 Rxd4 27. Rxd4 Kc7 28. Kc1 Rd8 29. Rxd8 Kxd8 30. f4 Kd7 31. Kd2 Kd6 32. Ke3 e5 33. fxe5+ Kxe5 34. c3 b5 35. b3 a5 36. a3 Kd5 37. Kd3 a4 38. bxa4 bxa4 39. g4 h5 40. gxh5 gxh5 41. c4+ Kc5 42. Kc3 f5 43. Kd3 f4 44. Ke4 Kxc4 45. Kxf4 Kb3 46. Kg5 Kxa3 47. Kxh5 Kb3 48. Kg6 a3 49. h5 a2 50. h6 a1=Q 51. Kh7 Qf6 52. Kg8 Qxh6 0-1

[Event "Olympiad Women 2024"]
[Site "Budapest HUN"]
[Date "2024.09.22"]
[Round "11.50"]
[Board "3"]
[White "Liu, Tian Yi"]
[Black "Chong, Kimberly"]
[Result "1/2-1/2"]
[WhiteElo "1607"]
[BlackElo "1779"]
[PlyCount "94"]
[EventDate "2024.09.11"]
[WhiteTeam "Hong Kong, China"]
[BlackTeam "Wales"]
[BlackTeamCountry "WLS"]

1. e4 d5 2. exd5 Qxd5 3. Nc3 Qe5+ 4. Be2 Bg4 5. d4 Bxe2 6. Ngxe2 Qa5 7. Bf4 c6 8. Qd3 Nf6 9. O-O e6 10. a3 Qd8 $146 ({RR} 10... Be7 11. Rad1 O-O 12. Ng3 Nbd7 13. Rfe1 Rfe8 14. Nge4 Nd5 15. Nxd5 cxd5 16. Ng5 Bxg5 17. Bxg5 Rac8 18. Bc1 Rc4 19. c3 b5 20. Re3 Rec8 21. Rh3 Nf8 22. Re1 Qa4 23. f4 g6 24. g4 a5 25. f5 {1-0 Kalla,C (1994)-Fischer,R (1775) Reykjavik Open 2023 (5.104)}) ({RR} 10... Be7 11. Ng3 Nbd7 12. Nce4 Nxe4 13. Nxe4 O-O 14. Qg3 Qf5 15. Rfe1 Nf6 16. Nd6 Bxd6 17. Bxd6 Rfd8 18. Be5 Nh5 19. Qb3 f6 20. Bc7 Rxd4 21. Rxe6 Qd5 22. Qxb7 Rf8 23. Ree1 Rd2 24. Bg3 Nxg3 25. hxg3 {1-0 Acosta,P (2479)-Mestnikov,A (2086) Titled Tue 27th Feb Early 2024 (3)}) 11. Ne4 Nxe4 12. Qxe4 Nd7 13. c4 Nf6 14. Qf3 Bd6 15. Be5 Bxe5 16. dxe5 Nd7 17. Qc3 Qg5 18. f4 Qg4 19. Ng3 Qg6 20. Rad1 O-O-O 21. Rd6 Nc5 22. Qd4 Rxd6 23. exd6 b6 24. f5 Qg5 25. b4 e5 26. Qxe5 Nd7 27. Qe4 Kb7 28. b5 Rc8 29. Ne2 Nc5 30. bxc6+ Rxc6 31. Qf3 Qd2 32. Nc3 Qd4+ 33. Kh1 Qxd6 34. Rd1 Qe5 35. Nb5 Qf6 36. Nd4 Kc7 37. Nxc6 Qxc6 38. Qf4+ Kb7 39. Qd6 Qa4 40. Qd5+ Ka6 41. Re1 Qxa3 42. Qe5 Nd3 43. Qb5+ Kb7 44. Qd5+ Ka6 45. Rf1 Nf2+ 46. Kg1 Ng4 47. Qf3 Qc5+ 1/2-1/2

[Event "Olympiad Women 2024"]
[Site "Budapest HUN"]
[Date "2024.09.22"]
[Round "11.50"]
[Board "4"]
[White "Kong, Emma Zihan"]
[Black "Liang, Liyun"]
[Result "1-0"]
[WhiteElo "1747"]
[BlackElo "1463"]
[PlyCount "107"]
[EventDate "2024.09.11"]
[WhiteTeam "Wales"]
[BlackTeam "Hong Kong, China"]
[WhiteTeamCountry "WLS"]

1. d4 d5 2. c4 e6 3. Nc3 Nf6 4. cxd5 exd5 5. Bg5 Be7 6. e3 c6 7. Bd3 Nbd7 8. Nf3 O-O 9. O-O Re8 10. Qc2 Nf8 11. Rab1 g6 12. b4 b5 ({RR} 12... Nh5 13. Bxe7 Rxe7 14. b5 Qd6 15. bxc6 bxc6 16. Na4 Rc7 17. Rfc1 Ng7 18. Qc5 Qxc5 19. Nxc5 f6 20. Rb3 Nge6 21. h3 Nxc5 22. Rxc5 Nd7 23. Rc1 Nb6 24. Rbc3 Bd7 25. Ba6 Rb8 26. Rb3 Rd8 27. Ne1 {½-½ Ozen,B (2369)-Filgueira,H (2283) Titled Tue 21st Mar Late 2023 (8)}) 13. Ne5 Bd7 14. Ne2 $146 ({RR} 14. a4 a6 15. h3 Ne6 16. f4 Ng7 17. f5 Nfh5 18. fxg6 fxg6 19. Bh6 Nf5 {1-0 Dobrev,N (2469)-Delorme,L (2040) La Fere op 6th 2007 (1)}) 14... Ne6 15. Bxf6 Bxf6 16. Nxc6 Qb6 17. Ne5 Bxe5 18. dxe5 Ng7 19. Qb2 Nf5 20. Rbd1 Rac8 21. Nf4 Qb7 22. Bxf5 Bxf5 23. Nxd5 Re6 24. Nf6+ Kg7 25. Rc1 Ra8 26. Qd4 Qb6 27. Qxb6 Rxb6 28. Rfd1 a5 29. a3 axb4 30. axb4 Ra4 31. Rd4 Rc6 32. Re1 Rc2 33. g4 Be6 34. g5 Ra8 35. Red1 Rcc8 36. Rh4 Rh8 37. Rh6 Rac8 38. Rd4 Rc4 39. Rdh4 Rxh4 40. Rxh4 h5 41. gxh6+ Rxh6 42. Ne8+ Kh7 43. Rxh6+ Kxh6 44. Nd6 Bd7 45. Nxf7+ Kg7 46. Nd6 Kf8 47. Kg2 Ke7 48. h4 Ke6 49. f4 Kd5 50. Kf3 Kc6 51. Ke4 Be6 52. Kd4 Bg4 53. e4 Be6 54. f5 1-0

[Event "Olympiad Women 2024"]
[Site "Budapest HUN"]
[Date "2024.09.22"]
[Round "11.51"]
[Board "1"]
[White "Clarke, Adani"]
[Black "Mongeli, Sasha"]
[Result "1-0"]
[WhiteElo "1919"]
[BlackElo "1819"]
[PlyCount "121"]
[EventDate "2024.09.11"]
[WhiteTeam "Jamaica"]
[BlackTeam "Kenya"]
[WhiteTeamCountry "JAM"]
[BlackTeamCountry "KEN"]

1. d4 Nf6 2. c4 e5 3. dxe5 Ng4 4. Nf3 Bc5 5. e3 Nc6 6. Be2 Ncxe5 7. Nxe5 Nxe5 8. O-O O-O 9. Nd2 Re8 10. Ne4 $146 ({RR} 10. Nb3 Bf8 11. Bd2 d6 12. Nd4 d5 13. cxd5 Qxd5 14. Bc3 c6 15. Qc2 Qd6 16. Nf3 Nxf3+ 17. Bxf3 Qe7 18. a4 Be6 19. b3 Rad8 20. Rfd1 Rxd1+ 21. Rxd1 Qa3 22. Rb1 Rd8 23. b4 a6 24. Bd1 Bf5 {0-1 Alon,L (1865)-Novak,I (2290) IBCA-ol blind 08th prel-A 1988 (5.1)}) ({RR} 10. Nf3 Qf6 11. Nxe5 Qxe5 12. Rb1 a5 13. Bd2 Ra6 14. Bc3 Qe7 15. Bd3 Qh4 16. Qf3 Rh6 {½-½ Jussupow,A (2655)-Piket,J (2640) Donner Memorial-A 1994 (5)}) ({RR} 10. Nf3 d6 11. b3 a5 12. Bb2 f6 13. a3 Bd7 14. Re1 Bc6 15. Nd4 Qd7 16. Nxc6 bxc6 17. Qc2 Qf7 18. Bc3 Bb6 19. Bd4 Rab8 20. Rab1 h5 21. f4 Ng4 22. Qd3 Bxd4 23. exd4 Re3 24. Qc2 Rbe8 {0-1 Palacio,I (2172)-Mazurkiewicz,M (2224) Titled Tue 3rd Sep Late 2024 (3)}) ({RR} 10. Nf3 d6 11. Bd2 a5 12. Bc3 Qe7 13. Qd2 Ng4 14. Bd4 Bxd4 15. Qxd4 a4 16. b4 a3 17. Rab1 Ne5 18. Nxe5 dxe5 19. Qc3 e4 20. c5 Qg5 21. f4 exf3 22. Rxf3 Bf5 23. Rb3 Be4 24. Rf2 Qe5 {0-1 Annageldyev,O (2385)-Moroz,A (2345) GMA qual Belgorod 1989}) ({RR} 10. Nf3 Ng4 11. Qd5 d6 12. Qh5 Nf6 13. Qh4 Re4 {0-1 Maurel,J-Szabolcsi,J (2380) Chartres op 1990 (4)}) 10... Bf8 11. Qc2 Qe7 12. b3 a5 13. Bb2 Ra6 14. Ng3 Rg6 15. Bh5 Rc6 16. f4 Ng6 17. Nf5 Qd8 18. Qc3 f6 19. Nd4 Bb4 20. Qc2 Ra6 21. f5 Ne5 22. Bxe8 Qxe8 23. Qe4 Rd6 24. Rad1 Qh5 25. Nf3 Nxf3+ 26. Qxf3 Qxf3 27. gxf3 Rxd1 28. Rxd1 d6 29. e4 Kf7 30. Bd4 Ba3 31. Ba7 Ke7 32. Bb8 Bc5+ 33. Kf1 Kd8 34. Rd2 g5 35. a3 Bxa3 36. Ba7 Bd7 37. Bd4 Ke7 38. Rg2 Kf7 39. Be3 Bc6 40. Ke2 b6 41. Kd3 Bb4 42. h4 h6 43. hxg5 hxg5 44. f4 gxf4 45. Bxf4 b5 46. Bh6 bxc4+ 47. bxc4 Bd7 48. Rg7+ Ke8 49. Rg8+ Ke7 50. Bf8+ Kf7 51. Rg7+ Ke8 52. Be7 d5 53. Bxf6 dxe4+ 54. Kxe4 Bc6+ 55. Ke5 Bd6+ 56. Ke6 Bb7 57. Rg8+ Bf8 58. Bg7 Bc8+ 59. Kf6 a4 60. Rxf8+ Kd7 61. Rxc8 1-0

[Event "Olympiad Women 2024"]
[Site "Budapest HUN"]
[Date "2024.09.22"]
[Round "11.51"]
[Board "2"]
[White "Ndirangu, Nyaruai"]
[Black "Miller, Rachel"]
[Result "0-1"]
[WhiteElo "1782"]
[BlackElo "1912"]
[PlyCount "120"]
[EventDate "2024.09.11"]
[WhiteTeam "Kenya"]
[BlackTeam "Jamaica"]
[WhiteTeamCountry "KEN"]
[BlackTeamCountry "JAM"]

1. d4 d5 2. Bf4 c5 3. e3 Nf6 4. c3 Nc6 5. Nd2 Bf5 6. Qb3 Qd7 7. Ngf3 c4 8. Qd1 h6 9. h3 e6 10. Be2 Be7 ({RR} 10... Bd6 11. O-O O-O 12. b3 b5 13. a4 a6 14. b4 Qc7 15. Bxd6 Qxd6 16. Qc1 Nd7 17. Qb2 Nb6 18. Bd1 Rfb8 19. a5 Nd7 20. Bc2 Bxc2 21. Qxc2 e5 22. dxe5 Ndxe5 23. Rad1 Nd3 24. Ne1 Nce5 25. Ndf3 {0-1 Grachev,B (2654)-Eljanov,P (2742) Wch Blitz 5th 2010 (24)}) 11. O-O b5 12. Re1 O-O 13. Ne5 $146 ({RR} 13. a3 a5 14. Qc1 b4 15. axb4 axb4 16. Bd1 Qb7 17. Rxa8 Rxa8 18. Bc2 Bxc2 19. Qxc2 Ra2 20. Qb1 Qa6 21. e4 b3 22. Ne5 Nxe5 23. dxe5 Nxe4 24. Nxe4 dxe4 25. Qxe4 Rxb2 26. Rd1 Ra2 27. Rd7 Bf8 {0-1 Pires,M (2302)-Mindlin,A (2419) Titled Tuesday intern op 18th Jan blitz 2022 (5)}) 13... Qb7 14. g4 Bh7 15. f3 b4 16. Bf1 Nxe5 17. dxe5 Nd7 18. e4 bxc3 19. bxc3 Qb6+ 20. Kg2 Qb2 21. Kh1 Nb6 22. a4 Qxc3 23. a5 Nc8 24. exd5 exd5 25. Bg2 Bh4 26. Qc1 Qb4 27. Rd1 c3 28. Nf1 d4 29. Qa3 Qxa3 30. Rxa3 Rd8 31. e6 fxe6 32. Be5 c2 33. Rc1 Nd6 34. Nd2 Rac8 35. Bf1 Nf7 36. Bh2 Be7 37. Rb3 Rc3 38. Kg2 Rxb3 39. Nxb3 d3 40. Bf4 e5 41. Be3 Rb8 42. Nd2 Ba3 43. Ne4 Bxc1 44. Bxc1 Rb1 45. Be3 Bxe4 46. fxe4 c1=Q 47. Bxc1 Rxc1 48. Bxd3 Rc3 49. Bb5 Rc5 50. Bd7 Rxa5 51. Be6 Rc5 52. h4 Kf8 53. Kf3 a5 54. Ke3 a4 55. Kd3 a3 56. Bb3 Nd8 57. Kd2 Nc6 58. g5 Nb4 59. gxh6 gxh6 60. h5 a2 0-1

[Event "Olympiad Women 2024"]
[Site "Budapest HUN"]
[Date "2024.09.22"]
[Round "11.51"]
[Board "3"]
[White "Brown, Raehanna"]
[Black "Mutisya, Jully"]
[Result "0-1"]
[WhiteElo "1910"]
[BlackElo "1750"]
[PlyCount "108"]
[EventDate "2024.09.11"]
[WhiteTeam "Jamaica"]
[BlackTeam "Kenya"]
[WhiteTeamCountry "JAM"]
[BlackTeamCountry "KEN"]

1. c4 Nf6 2. Nc3 g6 3. e4 d6 4. d4 Bg7 5. Be2 O-O 6. Nf3 e5 7. O-O exd4 8. Nxd4 Re8 9. f3 c6 10. Nc2 Be6 11. f4 ({RR} 11. Ne3 Nh5 12. f4 Nf6 13. Bf3 Na6 14. Qc2 Nb4 15. Qd2 a5 16. b3 Qb6 17. Bb2 Rad8 18. Kh1 h5 19. Rad1 Ng4 20. Bxg4 Bxg4 21. Nxg4 hxg4 22. Na4 Qc7 23. Bxg7 Kxg7 24. f5 Rxe4 25. Qg5 Re5 {½-½ Nakamura,H (2793)-Dlugy,M (2518) Titled Tuesday intern op1 1st Dec blitz 2015 (3)}) ({RR} 11. Ne3 Na6 12. Kh1 Qb6 13. Qxd6 Rad8 14. Qg3 Nh5 15. Qe1 Nf4 16. Ned1 Nd3 17. Bxd3 Rxd3 18. b3 Rxd1 19. Qxd1 Bxc3 20. Rb1 Bxc4 21. Rg1 Be6 22. Qd3 Bd4 23. Rd1 c5 24. Bf4 Nb4 25. Qe2 Qa6 {0-1 Alvarez,E (2002)-Dimitriu,C (1883) Buenos Aires Masters 2024 (9.37)}) 11... Na6 12. Be3 Qd7 $146 ({RR} 12... Nxe4 13. Na4 Nec5 14. Nxc5 Nxc5 15. Bd4 Bf5 16. Bxg7 Kxg7 17. Nd4 Qf6 18. g4 Bd3 19. Nf5+ gxf5 {0-1 Tran,T-Tran,C VIE-ch Dong Nai 1995}) ({RR} 12... Nxe4 13. Nxe4 Bf5 14. Nc3 Bxc2 15. Qd2 Bf5 16. g4 Bxc3 17. Qxc3 Qe7 18. Bd4 Qxe2 19. gxf5 Qg4+ 20. Qg3 Qxf5 21. Rae1 Nc5 22. Re3 Re4 23. Rxe4 Nxe4 24. Qh4 c5 25. Be3 Re8 26. b3 Nf6 27. Bd2 {0-1 Jauregui Andrade,C-Stein,L Olympiad-16 Preliminaries A 1964 (6)}) ({RR} 12... Nxe4 13. Nxe4 Bf5 14. Nxd6 Bxc2 15. Qxc2 Qxd6 16. Rad1 Qb4 17. Bf2 Qxb2 18. Qxb2 Bxb2 19. Bf3 Ba3 20. Rd7 Re7 21. Rxe7 Bxe7 22. Rb1 Rb8 23. Bxa7 Bc5+ 24. Bxc5 Nxc5 25. Bxc6 Ra8 26. Bxb7 Rxa2 27. Bd5 {1-0 Lilienthal,A-Bogdanovic,R Tbilisi 1965}) 13. Bd4 Nc5 14. f5 gxf5 15. exf5 Bxf5 16. Ne3 Bg6 17. Bg4 Nxg4 18. Nxg4 f5 19. Nf2 Ne4 20. Ncxe4 fxe4 21. Bxg7 Qxg7 22. Qxd6 Rad8 23. Qf4 Rf8 24. Qe3 Qd4 25. Ng4 Qxe3+ 26. Nxe3 Rd3 27. Rxf8+ Kxf8 28. Nf1 Ke7 29. Re1 Kd6 30. Re2 Ke5 31. Ne3 Kd4 32. Kf2 Bh5 33. g4 Bg6 34. b3 b5 35. cxb5 cxb5 36. Nc2+ Kc3 37. Ne1 Rd2 38. h4 Rxe2+ 39. Kxe2 Kb2 40. Ke3 Kxa2 41. h5 Bf7 42. b4 Kb3 43. Kxe4 Kxb4 44. Nd3+ Kc3 45. Ke3 b4 46. Nc1 b3 47. Ne2+ Kc4 48. Kd2 a5 49. Nf4 a4 50. g5 a3 51. g6 hxg6 52. hxg6 Bxg6 53. Nxg6 a2 54. Ne5+ Kd5 0-1

[Event "Olympiad Women 2024"]
[Site "Budapest HUN"]
[Date "2024.09.22"]
[Round "11.51"]
[Board "4"]
[White "Ingado, Mercy"]
[Black "Watson, Gabriella"]
[Result "0-1"]
[WhiteElo "1645"]
[BlackElo "1826"]
[PlyCount "78"]
[EventDate "2024.09.11"]
[WhiteTeam "Kenya"]
[BlackTeam "Jamaica"]
[WhiteTeamCountry "KEN"]
[BlackTeamCountry "JAM"]

1. e4 c6 2. Nf3 d5 3. exd5 cxd5 4. d4 Nc6 5. Nc3 Nf6 6. Bb5 a6 7. Ba4 b5 8. Bb3 Bg4 9. O-O e6 10. Bg5 $146 ({RR} 10. h3 Bh5 11. g4 Bg6 12. Ne2 Bd6 13. c3 O-O 14. Nf4 Be4 15. Ng5 Bg6 16. Nxg6 hxg6 {0-1 Vargas,M (2000)-Viana,V (1923) Titled Tue 2nd Jul Early 2024 (10)}) ({RR} 10. h3 Bh5 11. Bg5 Bd6 12. Re1 O-O 13. g4 Bg6 14. Ne5 Qc7 15. Bf4 Nd7 16. Nxd7 Qxd7 17. Bxd6 Qxd6 18. Ne2 h5 19. c3 Rae8 20. Qd2 hxg4 21. hxg4 Qe7 22. Qf4 Qh4 23. Qg3 Qg5 24. f4 Qd8 {½-½ Appel,H-Koellmer,H RH-op Ingelheim 1991}) ({RR} 10. Re1 Be7 11. Bf4 O-O 12. Re3 Nh5 13. Ne2 Nxf4 14. Nxf4 Bg5 15. g3 Qf6 16. Rc3 Bxf3 17. Qxf3 Nxd4 18. Qg2 Bxf4 19. gxf4 Ne2+ 20. Kh1 Nxc3 21. bxc3 Qxf4 22. Rd1 Rac8 {0-1 Mensendiek,T-Lopez,V (1707) Hessen-ch op-B 2016 (6)}) 10... Be7 11. Re1 O-O 12. a3 Bxf3 13. gxf3 Nh5 14. Be3 Bd6 15. Kg2 Qh4 16. Rh1 f5 17. Ne2 Rf6 18. h3 Rg6+ 19. Kf1 f4 20. Bd2 Qg5 21. Rg1 Qf5 22. Rh1 Rf8 23. c3 Qd3 24. Bc2 Qxf3 25. Rh2 Ng3+ 26. Nxg3 Qxd1+ 27. Rxd1 fxg3 28. Bxg6 gxh2 29. Bxh7+ Kxh7 30. Kg2 Rf6 31. Rf1 Ne7 32. f4 Ng6 33. Kxh2 Bxf4+ 34. Bxf4 Rxf4 35. Rb1 Re4 36. Kg3 Nf4 37. Kf3 Kg6 38. Rg1+ Kf6 39. h4 Nd3 0-1

[Event "Olympiad Women 2024"]
[Site "Budapest HUN"]
[Date "2024.09.22"]
[Round "11.52"]
[Board "1"]
[White "Ampaire, Shakira"]
[Black "Ollet, Myra"]
[Result "1-0"]
[WhiteElo "1839"]
[BlackElo "1658"]
[PlyCount "119"]
[EventDate "2024.09.11"]
[WhiteTeam "Uganda"]
[BlackTeam "Guam"]
[WhiteTeamCountry "UGA"]
[BlackTeamCountry "GMA"]

1. e4 d6 2. d4 e5 3. dxe5 dxe5 4. Qxd8+ Kxd8 5. Nf3 f6 6. Nc3 c6 ({RR} 6... Be6 7. Be3 c6 8. O-O-O+ Kc7 9. a3 Nd7 10. Be2 g6 11. Rd2 Nh6 12. Rhd1 b5 13. h3 a6 14. g4 g5 15. Kb1 Nf7 16. Ne1 Be7 17. Ng2 Rhd8 18. h4 h6 19. hxg5 hxg5 20. Rh1 Rh8 21. Rdd1 {½-½ Cao,Y (1330)-Li,Y (1161) Chinese Youth G12 2024 (4.3)}) 7. Be3 Bb4 8. O-O-O+ Kc7 9. Na4 $146 ({RR} 9. Rd3 Bg4 10. a3 Ba5 11. Nd2 Nd7 12. Nc4 Bb6 13. Nxb6 Nxb6 14. Bc5 Rd8 15. Rg3 Nh6 16. h3 Bh5 17. Rxg7+ Kb8 18. Be7 Rd4 19. Bxf6 Nd7 20. Rxd7 Rxd7 21. Bxe5+ Kc8 22. Bxh8 Nf7 23. Bf6 Nd6 {1-0 Lebedev,R (1710)-Sokolov,O Vladimir op-B 2009 (7)}) 9... Nd7 10. a3 Bd6 11. Be2 b5 12. Nc3 a5 13. Nb1 Nc5 14. Nfd2 Be6 15. f3 Ne7 16. c4 b4 17. Bxc5 Bxc5 18. a4 Rad8 19. Nb3 Be3+ 20. Kc2 Kb6 21. Rxd8 Rxd8 22. Rd1 Bd4 23. Nxd4 exd4 24. Nd2 c5 25. f4 g6 26. g4 Bf7 27. b3 h6 28. Kd3 Kc6 29. e5 f5 30. Bf3+ Kc7 31. Re1 Be6 32. gxf5 gxf5 33. Rg1 Rg8 34. Rxg8 Bxg8 35. Bh5 Bh7 36. Bf7 Kd7 37. Nf3 Bg8 38. e6+ Kd6 39. Ne5 Bh7 40. h4 Bg8 41. h5 Bh7 42. Nd7 Ng8 43. Ke2 Ke7 44. Nxc5 Nf6 45. Kd3 Ne4 46. Kxd4 Nd2 47. Ke3 Nf1+ 48. Ke2 Ng3+ 49. Ke3 Nf1+ 50. Kd3 Ng3 51. Nb7 Ne4 52. Nxa5 Nc5+ 53. Kd4 Nxe6+ 54. Bxe6 Kxe6 55. Nc6 Bg8 56. Nxb4 Kd6 57. c5+ Kd7 58. Nd5 Bf7 59. b4 Bxh5 60. Nf6+ 1-0

[Event "Olympiad Women 2024"]
[Site "Budapest HUN"]
[Date "2024.09.22"]
[Round "11.52"]
[Board "2"]
[White "Ramas, Carmina Jasmine"]
[Black "Sana Omprakash Kayyar"]
[Result "0-1"]
[WhiteElo "1712"]
[BlackElo "1937"]
[PlyCount "88"]
[EventDate "2024.09.11"]
[WhiteTeam "Guam"]
[BlackTeam "Uganda"]
[WhiteTeamCountry "GMA"]
[BlackTeamCountry "UGA"]

1. d4 Nf6 2. Bf4 g6 3. Nc3 d5 4. e3 Bg7 5. Nf3 O-O 6. h3 Bf5 7. Bd3 ({RR} 7. g4 Be4 8. Nxe4 Nxe4 9. Bd3 c5 10. c3 Nc6 11. Qc2 cxd4 12. exd4 f5 13. g5 Rc8 14. Qb3 Kh8 15. h4 Qe8 16. Qxd5 e5 17. Nxe5 Rd8 18. Qb5 a6 19. Qc4 Nxe5 20. dxe5 b5 21. Qc7 Rxd3 {0-1 Kosteniuk,A (2513)-Paravyan,D (2617) Titled Tuesday intern op 24th May Late blitz 2022 (3)}) 7... Bxd3 8. Qxd3 e6 ({RR} 8... c6 9. O-O Nbd7 10. Ne5 Nh5 11. Bh2 Nxe5 12. dxe5 Bh8 13. g4 Ng7 14. Rad1 e6 15. e4 h5 16. Ne2 Qh4 17. Qf3 dxe4 18. Qg3 Qxg3+ 19. Nxg3 hxg4 20. hxg4 Rfd8 21. Nxe4 Ne8 22. c4 Bg7 23. b3 {1-0 Bartczak,H (1636)-Mazan,D (1642) 288th YMCA Spring C 2024 (9)}) 9. O-O Na6 $146 ({RR} 9... Nbd7 10. Ne5 c5 11. Nxd7 Nxd7 12. Rfd1 Qa5 13. Qb5 Qxb5 14. Nxb5 a6 15. Nc3 Rfc8 16. Rac1 b5 17. Ne2 c4 18. Ng3 f5 19. f3 h6 20. e4 g5 21. Bd6 f4 22. Ne2 Rc6 23. Bb4 a5 24. Be1 {0-1 Volosheniuk,A (2086)-Mutschnik,I (2449) Champions Challenge 225th blitz 2007 (1.2)}) 10. a3 c5 11. Rad1 Qe7 12. Rfe1 Rfd8 13. Qe2 Nc7 14. Nb1 Rac8 15. c3 Nce8 16. Nbd2 Nd6 17. Ne5 Nfe4 18. Nxe4 Nxe4 19. f3 Nd6 20. Nd3 b6 21. Nf2 Nc4 22. Ng4 h5 23. Ne5 Na5 24. Qb5 c4 25. Bh2 Qb7 26. Qb4 Bf8 27. Qb5 a6 28. Qa4 Nb3 29. Re2 b5 30. Qxb3 cxb3 31. Bg3 a5 32. Rf1 b4 33. axb4 axb4 34. Be1 bxc3 35. Bxc3 Bb4 36. Rc1 Bxc3 37. bxc3 Rxc3 38. Rxc3 b2 39. Rxb2 Qxb2 40. Rc7 Qd2 41. Rb7 Qxe3+ 42. Kh2 Qf4+ 43. Kh1 Rc8 44. Rb1 Rc1+ 0-1

[Event "Olympiad Women 2024"]
[Site "Budapest HUN"]
[Date "2024.09.22"]
[Round "11.52"]
[Board "3"]
[White "Kawuma Patricia"]
[Black "Estur, Grace Co"]
[Result "1-0"]
[WhiteElo "1839"]
[BlackElo "1586"]
[PlyCount "65"]
[EventDate "2024.09.11"]
[WhiteTeam "Uganda"]
[BlackTeam "Guam"]
[WhiteTeamCountry "UGA"]
[BlackTeamCountry "GMA"]

1. e4 Nc6 2. d4 d5 3. e5 Bf5 4. Bb5 f6 ({RR} 4... Qd7 5. c3 e6 6. Ne2 Nge7 7. Ng3 Bg6 8. Nd2 a6 9. Ba4 f6 10. f4 Nf5 11. Nxf5 Bxf5 12. O-O Be7 13. Bc2 Bxc2 14. Qxc2 f5 15. a4 Nd8 16. a5 Nf7 17. Nf3 h6 18. Be3 g5 19. c4 {1-0 Kamalidenova,M (2336)-Nogerbek,K (2504) Astana Zhuldyzdary Open A 2023 (3.17)}) 5. Nf3 $146 ({RR} 5. Bxc6+ bxc6 6. f4 Be4 7. Nf3 Bxf3 8. Qxf3 Rb8 9. b3 fxe5 10. fxe5 e6 11. O-O Bb4 12. Qf7# {1-0 Vlad,R (1112)-Amititeloaie,R (1001) ROM-ch U08 Calimanesti Caciulata 2016 (4)}) ({RR} 5. f4 Nh6 6. Nf3 a6 7. Ba4 e6 8. Bxc6+ bxc6 9. O-O c5 10. Kh1 Qd7 11. h3 Be4 12. c3 Rb8 13. Nh4 Nf5 14. Nxf5 Bxf5 15. dxc5 Bxc5 16. b4 Ba7 17. Nd2 fxe5 18. fxe5 O-O 19. Nf3 c5 {0-1 Detter,H-Barth,A Baden-ch HT Ladenburg 1992 (10)}) 5... fxe5 6. Nxe5 Qd6 7. Qf3 e6 8. Qh5+ g6 9. Qf3 O-O-O 10. Bxc6 bxc6 11. Qc3 Qb4 12. Qxb4 Bxb4+ 13. c3 Bd6 14. Nf7 Nf6 15. Bg5 Be7 16. Nxh8 Rxh8 17. Nd2 h6 18. Be3 g5 19. O-O-O g4 20. h3 gxh3 21. gxh3 h5 22. f3 h4 23. Bg5 Kd7 24. Nf1 Rh5 25. Bf4 c5 26. Ne3 Bh7 27. Rhg1 cxd4 28. cxd4 c5 29. dxc5 Bxc5 30. Rg7+ Ke8 31. Ng4 Nxg4 32. fxg4 e5 33. gxh5 1-0

[Event "Olympiad Women 2024"]
[Site "Budapest HUN"]
[Date "2024.09.22"]
[Round "11.52"]
[Board "4"]
[White "Benzon, Tiffany"]
[Black "Takali Milly"]
[Result "0-1"]
[WhiteElo "1610"]
[BlackElo "1707"]
[PlyCount "66"]
[EventDate "2024.09.11"]
[WhiteTeam "Guam"]
[BlackTeam "Uganda"]
[WhiteTeamCountry "GMA"]
[BlackTeamCountry "UGA"]

1. e4 c5 2. c3 d6 3. d4 cxd4 4. cxd4 g6 5. Nf3 Bg7 6. Nc3 a6 7. Bc4 ({RR} 7. a4 Nf6 8. h3 O-O 9. Bd3 Nc6 10. O-O e5 11. dxe5 dxe5 12. Be3 Nh5 13. Bc4 Nd4 14. Nd5 Ne6 15. Bb6 Qe8 16. Qb3 Bd7 17. Nc7 Nxc7 18. Bxc7 Qe7 19. Rfd1 Rfc8 20. Bxf7+ Kh8 21. Bd6 Qd8 {1-0 Sevillano,E (2498)-Demaria,J (2242) Internet Section 11B g/8'+2" blitz 2004 (7)}) ({RR} 7. a4 Bg4 8. Be2 Nc6 9. d5 Bxf3 10. Bxf3 Ne5 11. O-O Nf6 12. Be2 O-O 13. f4 Ned7 14. Kh1 Nc5 15. Bf3 Qc7 16. Be3 Rfd8 17. Rc1 Rac8 18. b4 Ncd7 19. Nb5 Qb8 20. Nd4 Rxc1 21. Qxc1 Rc8 {0-1 Wang,M (1765)-Foo,J (1727) Asian Rapid Teams 2024 (8.39)}) 7... Nc6 8. d5 $146 ({RR} 8. Be3 Na5 9. Be2 e6 10. O-O Ne7 11. Re1 O-O 12. d5 b5 13. dxe6 fxe6 14. Bg5 h6 15. Be3 Bb7 16. Qd2 Kh7 17. Red1 d5 18. Qe1 Qe8 19. exd5 exd5 20. Nd4 Qf7 21. b3 Nac6 22. Bg4 Nxd4 {½-½ Levy,L (2330)-Meinking,D US Open-78 Columbus 1977}) ({RR} 8. O-O Nf6 9. Bb3 O-O 10. Re1 Bg4 11. Be3 b5 12. h3 Bd7 13. e5 Ne8 14. Bg5 Kh8 15. Rc1 f6 16. exf6 exf6 17. Bf4 Na5 18. Bd5 Rc8 19. Be6 Bxe6 20. Rxe6 Qd7 21. d5 Nc6 22. Ne4 Ne5 {1-0 Hentzschel,E (1789)-Kotlar,A (1896) MVP-ch Seniors op 11th 2011 (3.20)}) ({RR} 8. Bf4 Na5 9. Bb3 Nxb3 10. Qxb3 Nf6 11. O-O O-O 12. Rfd1 b5 13. e5 Ne8 14. Rac1 Bb7 15. Ng5 h6 16. Nge4 Qa5 17. exd6 Nxd6 18. Nxd6 exd6 19. Bxd6 Rfd8 20. Be5 Bxe5 21. dxe5 b4 22. Na4 Rxd1+ {0-1 Zeleny,T-Holemar,K (1630) Klatovy op-B 1997}) 8... Ne5 9. Nxe5 Bxe5 10. f4 Bg7 11. O-O Nf6 12. h3 O-O 13. e5 dxe5 14. fxe5 Nh5 15. g4 Ng3 16. Re1 f5 17. exf6 Bxf6 18. Bf4 Qb6+ 19. Kg2 Qxb2+ 20. Ne2 Nxe2 21. Qxe2 Qxe2+ 22. Rxe2 Bxa1 23. Bh6 Re8 24. d6+ e6 25. Kg3 Bd7 26. Bg5 Rac8 27. Bb3 Rc3+ 28. Kh4 Kg7 29. Rf2 Rd3 30. Be7 Be5 31. g5 Bg3+ 32. Kg4 e5+ 33. Rf5 Bxf5# 0-1